|
|
|
|
| LEADER |
00977nam a2200253 a 4500 |
| 001 |
989072 |
| 008 |
090730s1987 mdu b 001 0 eng d |
| 010 |
|
|
|a 86018495
|
| 020 |
|
|
|a 0801832918 (alk. paper)
|
| 020 |
|
|
|a 0801832918
|
| 040 |
|
|
|a DLC
|c DLC
|d DLC
|
| 082 |
0 |
0 |
|a 823/.009
|2 19
|
| 100 |
1 |
|
|a McKeon, Michael,
|d 1943-
|
| 245 |
1 |
4 |
|a The origins of the English novel, 1600-1740 /
|c Michael McKeon.
|
| 260 |
|
|
|a Baltimore :
|b Johns Hopkins University Press,
|c c1987.
|
| 300 |
|
|
|a xi, 529 p. ;
|c 25 cm.
|
| 504 |
|
|
|a Bibliography: p. 423-509.
|
| 500 |
|
|
|a Includes index.
|
| 541 |
1 |
|
|e 00014468
|
| 650 |
|
0 |
|a English fiction
|y Early modern, 1500-1700
|x History and criticism.
|
| 650 |
|
0 |
|a English fiction
|y 18th century
|x History and criticism.
|
| 852 |
4 |
|
|a Ayesha Abed Library
|j General Shelf.
|
| 999 |
|
|
|c 3131
|d 3131
|
| 952 |
|
|
|0 0
|1 0
|2 ddc
|4 0
|6 823_009000000000000_MCK
|7 0
|9 2835
|a BRACUL
|b BRACUL
|c GEN
|d 2009-08-30
|l 4
|m 8
|o 823.009 MCK
|p 3010014468
|r 2023-05-21
|s 2023-05-15
|t 1
|w 2009-08-30
|y BK
|